| 000 | 00875nam a2200217 4500 | ||
|---|---|---|---|
| 005 | 20250409145014.0 | ||
| 008 | 250409b |||||||| |||| 00| 0 eng d | ||
| 037 | _cTextual | ||
| 040 |
_aRTL _cRTL |
||
| 084 |
_aV2,8g R5 _qRTL |
||
| 100 |
_aMuthuswamy sanjeev Brinda _9752024 |
||
| 245 | _aSwamys handbook 2025 (hindi) | ||
| 250 | _a9th ed. | ||
| 260 |
_aChennai _bSwamy publishers (P) Ltd. _c2025 |
||
| 300 |
_a608 p. _bIncludes bibliographical references |
||
| 520 | _aNinth hindi edition incorporating latest orders based on Seventh Pay Commission Report . All Allowances including TA are updated with latest orders (Swamy's Personal Organizer appended to the Handbook) | ||
| 650 |
_aCentral government rules _9752032 |
||
| 650 |
_aGovernment service rules _9752033 |
||
| 650 |
_aGovernment administration rules _9752034 |
||
| 942 |
_2CC _n0 _cTB _hV2,8g R5 |
||
| 999 |
_c1308612 _d1308612 |
||